Rastúce deficity verejných financií ako prekážka zmierňovania príjmovej nerovnosti
Rastúce rozpočtové deficity vo viacerých členských štátoch Európskej únie vyvolávajú otázky o dlhodobej udržateľnosti verejných financií a ich distribučných dôsledkoch. Vplyvom nepriaznivých ekonomických šokov v posledných dvoch dekádach ako je veľká finančná kríza, dlhová kríza, pandémia, energetic...
Gespeichert in:
| 1. Verfasser: | |
|---|---|
| Weitere Verfasser: | |
| Format: | Buchkapitel |
| Sprache: | Slowakisch |
| Schlagworte: | |
| Tags: |
Keine Tags, Fügen Sie das erste Tag hinzu!
|
MARC
| LEADER | 00000naa a2200000 4500 | ||
|---|---|---|---|
| 001 | 0313963 | ||
| 005 | 20260113104152.2 | ||
| 041 | 0 | |a slo | |
| 044 | |a SK | ||
| 245 | 1 | 0 | |a Rastúce deficity verejných financií ako prekážka zmierňovania príjmovej nerovnosti |c Lenka Bosáčiková, Jana Kotlebová |
| 520 | |a Rastúce rozpočtové deficity vo viacerých členských štátoch Európskej únie vyvolávajú otázky o dlhodobej udržateľnosti verejných financií a ich distribučných dôsledkoch. Vplyvom nepriaznivých ekonomických šokov v posledných dvoch dekádach ako je veľká finančná kríza, dlhová kríza, pandémia, energetická kríza či pretrvávajúci vojnový konflikt, je čoraz náročnejšie pre tvorcov politík udržiavať rovnováhu medzi fiškálnou stabilitou a sociálnou spravodlivosťou. Analýza, ako sa vyvíjajú nadrozmerné a pretrvávajúce deficity a samotná príjmová nerovnosť v krajinách EÚ. Vyzdvihnutie faktorov ovplyvňujúcich prehlbujúce sa deficity a potenciálnu limitáciu schopnosti štátu zmierňovať príjmové nerovnosti. | ||
| 610 | 2 | 0 | |a financie verejné |
| 610 | 2 | 0 | |a deficit rozpočtový |
| 610 | 2 | 0 | |a nerovnosť príjmová |
| 610 | 2 | 0 | |a udržateľnosť |
| 610 | 2 | 0 | |a šoky hospodárske |
| 610 | 2 | 0 | |a Slovensko |
| 610 | 2 | 0 | |a Európska únia |
| 100 | 1 | |a Bosáčiková, Lenka, 1999- | |
| 700 | 1 | |a Kotlebová, Jana, 1969- | |